000 00305nam a2200133 i 4500
001 bg
100 1 _aKOSSECKI, J.
245 0 _aJak sterować społeczeństwem /
_cJ. Kossecki.
260 _aWarszawa,
_c1984.
040 _cBPK
041 _apol
942 _cKS
008 s pl f |000 0 pol
999 _c2052
_d2052
856 _uhttp://koha.tu.koszalin.pl/cgi-bin/koha/opac-detail.pl?biblionumber=2052
_yKatalog online BPK